Wszystkie wersje czołgu M4 Sherman - Statystyki

Ogólne statystyki
  • Ten quiz został rozwiązany 10 razy
  • Średni wynik to 6 z 44
Statystyki odpowiedzi
Hint Odpowiedź % Poprawnych
M4
100%
M4A1
100%
M4A2
100%
M4A3
100%
M4A4
89%
M4A5
56%
M4A6
56%
M4(105)
11%
M4A3E8
11%
(FRA) Canon d’Assaut 105mm M4
0%
Miotacz ognia E9 Flame Tank
0%
(CAN) Grizzly I
0%
(CAN) Grizzly Kangoroo
0%
(CAN) Grizzly OP
0%
(CAN) Grizzly Skink
0%
Wyrzutnia rakiet M17 Whizbang improved
0%
M4A1(76)W
0%
M4A2(76)W
0%
M4A2(76)W HVSS
0%
Miotacz ognia M4A2 Flame
0%
M4A3(105)
0%
M4A3(76)W
0%
M4A3E2 Jumbo
0%
M4A3E8(105)
0%
Miotacz ognia M4A3R3
0%
(ISR) M4A4 Super Sherman
0%
M4 Composite
0%
Miotacz ognia M4 Composite Flame
0%
(FRA) M4 FL-10
0%
(FRA) M4 Revalorisé
0%
Wyrzutnia rakiet M4 T34 Calliope
0%
Wyrzutnia rakiet M4 T34E1 Calliope
0%
Wyrzutnia rakiet M4 T40 Wizhbang
0%
Wyrzutnia rakiet M4 T72 Rocket system
0%
Wyrzutnia rakiet M4 Tulip
0%
(ISR) M51 Isherman
0%
Miotacz ognia POA-CWS-H1
0%
Miotacz ognia POA-CWS-H5
0%
Miotacz ognia Sherman Crocodile
0%
Wczesny firefly Sherman IC
0%
(ISR) Sherman M50
0%
Sherman (VC) Firefly
0%
Miotacz ognia T33 Flame Tank
0%
Miotacz ognia Wasp IV Sherman
0%
Nie znaleziono quizów pasujących do podanych kryteriów
Rozkład punktacji
Procent ludzi z każdym wynikiem
Percentyl według liczby udzielonych odpowiedzi
Twoja historia wyników
Nie rozwiązałeś tego quizu